00326nam a2200121Ia 4500008004100000041000800041082001600049100001800065245004500083260004500128300002400173365000700197240624s9999 xx 000 0 und d aeng a338.954 MAR aMARJIT SUGATA aOUTSIDERS ECONOMIC REFORM AND INFORMAL L c2011aNew DelhibOxford University Press a218 : p. : cm. ; 22 cRS